MDQL
is popping MORE tags! Check the
thread
!
Quizzes
Events
Quiz Creation
Community
Videos
Private Events
Remove Ads
Sign In
Join for FREE
Feedback
Dark Mode
Quiz Categories
Sports
Geography
Music
Movies
Television
Just For Fun
Miscellaneous
History
Literature
Language
Science
Gaming
Entertainment
Religion
Holiday
For Kids
Quiz Lab
Recent
Popular Today
Quiz Kudos Today
Editor Picks
Curator Picks
Quizzes by...
Day
Popularity
Type
Ratings
Length
Year
Community
Subscriptions
Recent Discussions
Orange Saloon
Badges
Playlists
Quests
Create
Leaderboards
Showdown
Live 5
Trivia Bingo
Activity
Puzzle Library
Sporcle Events
Private Events
Virtual Trivia
Globe League
Become a Host
Pub Owners
SporcleCon
Opinionation
Our Games
Videos
Blog
Mobile Apps
Partnerships
Remove Ads and Go Orange
Feedback
Geography
Country
Landmarks
City
State
Population
World
Capital
Continent
Flags
Europe
Africa
Asia
South America
North America
Oceania
Border
Canada
United Kingdom
Topography
United States
Geography
Country
Landmarks
City
State
Population
World
Capital
Continent
Flags
Europe
Africa
Asia
South America
North America
Oceania
Border
Canada
United Kingdom
Topography
United States
Random Quiz
Search Sporcle
×
Quiz Lab
Quiz Lab
Geography
State
Type in answers that appear in a list
Type in answers that appear in a list
Classic
Best Score? Go Orange.
America's Favorite Architecture Stats
Can you name the 150 most favorite works of architecture according to the AIA?
By
jonesjeffum
18m
150 Questions
901 Plays
901 Plays
901 Plays
Comments
Comments
Give Quiz Kudos
Give Quiz Kudos
-
- Ratings
hide this ad
More Info
Replay
Link that replays current quiz
Next Quiz
Link to next quiz in quiz playlist
You Got
0%
They Got
Avg Score
9%
Avg Friend Score
Upgrade to see
Score Distribution
Jump to the score distribution portion of the page
Score
0/150
Timer
18:00
0
Plays Today
State
Building
% Correct
New York
Empire State Building
87.1%
District of Columbia
The White House
68.2%
Illinois
Sears Tower
65.9%
New York
Chrysler Building
63%
District of Columbia
Lincoln Memorial
50.7%
District of Columbia
Washington Monument
50.7%
California
Golden Gate Bridge
47%
New York
World Trade Center
47%
Pennsylvania
Fallingwater
45.8%
District of Columbia
Jefferson Memorial
40.3%
New York
Brooklyn Bridge
35.9%
New York
Metropolitan Museum of Art
31.7%
District of Columbia
U.S. Capitol
30.3%
New York
Flatiron Building
30.2%
Missouri
The Gateway Arch
29.8%
New York
Guggenheim Museum
29.5%
District of Columbia
Vietnam Veterans Memorial
26.6%
New York
Museum of Modern Art
26.3%
New York
Grand Central Terminal
25.1%
Illinois
Robie House
19.8%
Virginia
Monticello
18.6%
California
TransAmerica Pyramid
18.3%
New York
Yankee Stadium
17.3%
New York
Rockefeller Center
16.3%
District of Columbia
The Supreme Court
16%
Illinois
Wrigley Field
15.4%
New York
Woolworth Building
15.1%
New York
St. Patrick's Cathedral
14.8%
California
Disney Concert Hall
14.7%
Massachusetts
Fenway Park
14.5%
District of Columbia
Library of Congress
13.1%
New York
New York Public Library
12.6%
New York
Penn Station
12.6%
Massachusetts
Trinity Church
12.2%
Wisconsin
Taliesin
11%
Massachusetts
John Hancock Tower
10.5%
District of Columbia
Washington National Cathedral
10.4%
District of Columbia
Union Station
10.2%
Missouri
Union Station
10.2%
California
Union Station
10.2%
Illinois
Union Station
10.2%
Missouri
Union Station
10.2%
Pennsylvania
Philadelphia City Hall
10.1%
North Carolina
Biltmore Estate
9.2%
Massachusetts
Faneuil Hall Marketplace
9%
New York
Lincoln Center
8.7%
New York
The Plaza Hotel
8%
Arizona
Taliesin West
7.8%
California
Hearst Residence
7.6%
Illinois
Tribune Tower
7.3%
State
Building
% Correct
New York
Carnegie Hall
7%
District of Columbia
National Museum of Air and Space
6.8%
New York
Waldorf Astoria
6.7%
New York
New York Times Building
6.3%
Washington
Seattle Public Library
5.9%
New York
Cathedral of Saint John the Divine
5.8%
Illinois
Field Museum
5.8%
District of Columbia
National Gallery of Art, West Building
5.6%
Massachusetts
Boston Public Library
5.5%
Texas
Texas State Capitol
5.3%
Illinois
Art Institute of Chicago
5.1%
Pennsylvania
Philadelphia Museum of Art
5%
Wisconsin
Milwaukee Art Museum
5%
California
The Getty Center
5%
New York
Radio City Music Hall
4.8%
Texas
Reliant Astrodome
4.6%
California
San Francisco City Hall
4.5%
Colorado
Denver International Airport
4.5%
New York
Hearst Tower
4.5%
New York
TWA Terminal, Kennedy Airport
4.5%
Virginia
Virginia State Capitol
4.2%
Maryland
Oriole Park at Camden Yards
4.1%
California
Hollywood Bowl
3.9%
California
Gamble House
3.8%
California
Hotel del Coronado
3.6%
New Hampshire
Phillips Exeter Academy Library
3.1%
New York
St. Regis Hotel
2.9%
Illinois
United Airlines Terminal, O'Hare
2.9%
Illinois
333 Wacker Drive
2.7%
New York
United Nations Headquarters
2.7%
Illinois
Auditorium Building
2.7%
Nebraska
Nebraska State Capitol
2.6%
California
San Francisco Museum of Modern Art
2.4%
Illinois
Lake Point Tower
2.3%
Illinois
Rookery Building
2.3%
California
Hollyhock House
2.3%
Wyoming
Old Faithful Inn
2.2%
California
AT&T Park
2.1%
Pennsylvania
30th Street Station
2.1%
California
Ahwahnee Hotel
2%
Ohio
Cincinnati Union Terminal
2%
Georgia
High Museum
2%
New York
Time Warner Center
2%
Minnesota
IDS Center
2%
Washington
Safeco Field
2%
Pennsylvania
Allegheny County Courthouse
1.9%
Colorado
Cadet Chapel
1.9%
Utah
Salt Lake City Public Library
1.9%
New York
The Dakota Apartments
1.9%
Arkansas
Thorncrown Chapel
1.8%
State
Building
% Correct
New York
The Federal Building at Islip
1.8%
District of Columbia
National Building Museum
1.8%
Pennsylvania
Wanamaker's Department Store
1.7%
District of Columbia
Willard Hotel
1.7%
Massachusetts
Sever Hall
1.7%
District of Columbia
Ronald Reagan Building
1.7%
Georgia
Hyatt Regency, Atlanta
1.7%
California
Hyatt Regency, San Francisco
1.7%
Illinois
Glessner House
1.6%
District of Columbia
Washington DC Metro
1.6%
New York
Rose Center for Earth and Science
1.4%
Florida
Delano Hotel
1.4%
Massachusetts
Ames Library
1.4%
Kentucky
Humana Building
1.4%
Ohio
Paul Brown Stadium
1.4%
Illinois
Dana-Thomas House
1.4%
Minnesota
Walker Art Center
1.4%
Nevada
Bellaggio Hotel & Casino
1.3%
California
Fairmont Hotel
1.3%
Hawaii
Mauna Kea Beach Hotel
1.2%
Colorado
Broadmoor Hotel
1.2%
Illinois
Sofitel Chicago
1.2%
New York
Citicorp Center
1.2%
Illinois
Carson Pirie Scott
1.2%
Florida
Dolphin & Swan Hotels
1.1%
California
Stahl House
1.1%
California
Los Angeles Central Library
1%
California
San Francisco International Terminal
1%
District of Columbia
U.S. Holocaust Memorial Museum
1%
Pennsylvania
Fisher Fine Arts Library
0.9%
Massachusetts
Crane Library
0.9%
Illinois
Harold Washington Library Center
0.9%
Michigan
Legal Research Building
0.9%
Michigan
Douglas House
0.9%
Texas
Williams Tower
0.9%
California
V.C. Morris Gift Shop
0.8%
Minnesota
Weisman Art Museum
0.8%
Texas
Pennzoil Place
0.8%
Colorado
Brown Palace Hotel
0.8%
Texas
Battle Hall
0.8%
Indiana
The Athenaeum
0.7%
Arizona
Arizona Biltmore Resort and Spa
0.7%
New York
Apple Soho
0.7%
Connecticut
Ingalls Ice Area
0.7%
Texas
American Airlines Center
0.6%
New York
Apple Store, Fifth Avenue
0.4%
New York
Royalton Hotel
0.4%
New York
Corning Museum of Glass
0.4%
California
Chrystal Cathedral
0.3%
Florida
Fountainebleau Hotel
0.2%
Quiz Playlist
Details
Report
Send in Message
Add To Playlist
More Info:
stadiums, airpoints and bridges are included in this game too
Classic:
Type in answers that appear in a list
Quiz Source
Last Updated: Feb 16, 2017
Quiz Scoreboard
CHALLENGE
Sign Up to Join the Scoreboard
Show All
Scores
Hide
Comments
May contain spoilers
Recently Published
1-10 Letter E Words III
by El_Dandy
Language
2m
Street Fighter Characters
by Artimus82
Gaming
60s
College Basketball Coaching Resumes
by pancakes188
Sports
9m
More to Explore
Quiz From the Vault
Featured Blog Post
Where Did the Easter Bunny Come From?
hide this ad
You Might Also Like...
Tags
State Quiz
150
America
architecture
Building
built
Favorite
Today's Top Quizzes in Geography
Browse Geography
hide this ad
Today's Top Quizzes in State
Browse State
Top Contributed Quizzes in Geography
1
Countries of the World - No Outlines Minefield
2
Top 25 Cities of France on a map
3
Any capital of a 'B' country per Continent
4
Any capital of a 'C' country per Continent
5
Closest Countries to UK A-Z
6
Any capital of a 'D' country per Continent
7
5-to-1: US Geography No Hints
8
Any capital of an 'E' country per Continent
9
Find the US States - No Outlines
10
Any capital of an 'F' country per Continent
Explore More
Trending Topics
Anime
Crossword
Kpop
Disney
Marvel
NBA
Harry Potter
Song
Puzzle
WWE
The Office
Soccer
Country
NFL
Pokémon
hide this ad
More By:
jonesjeffum
Quiz
Plays
Rating
Category
Featured
Created
NBA Players by Face
1,637,448
4.55
Sports
Feb 17, 2011
NBA Playoffs Statistical Leaders
405,275
4.54
Sports
Apr 16, 2010
City by Landmark Photo
375,318
4.08
Geography
May 5, 2010
Sports Logo Silhouettes
303,568
4.19
Sports
Jan 24, 2013
Sightseeing in North America
275,407
3.76
Geography
May 3, 2010
Go to Creator's Profile
Score Distribution
Quiz Creator Spotlight
jonesjeffum
Follow
Send a Message
Quizzes Created
-
Created Quiz Play Count
-
More By This Creator
Popular Quizzes Today
1
Find the US States - No Outlines Minefield
2
Find the Countries of Europe - No Outlines Minefield
3
The Countries of the World
4
Find the US States
5
Risky Map Clicking: Biggest States A-Z
6
US States
7
Popular People in 1961
8
Movies - When Are They Set?
More Geography Quizzes
Quick Pick: Czechia top 10 cities
Quiz Lab
Trending Quizzes
Risky Map Clicking: Least Populous States A-Z
Billboard Blitz: Aretha Franklin
Famous Russians: Author or Composer?
1-10 Letter G Words
Countries of the World: 200 Million BC
Recently Updated
Leaping Animals
pecheneg
Reality TV Shows (A-Z)
bhenderson79
Rickey Henderson's Hall of Fame Teammates
pecheneg
Champions League XIs: Arsenal
pecheneg
Quick Pick: Celebrities in WWE's Hall of Fame
aduchscher
A-Z Keypad Blitz II
pecheneg
Multiple Oscar Actors
pecheneg
Mystery Phrase Blitz: Oscar 'Best Actors'
pecheneg
F. Scott Fitzgerald Novels
LTH
Pick 3 Villains
ddd62291
Trending Topics
NBA
Kpop
Anime
Marvel
Harry Potter
Crossword
Disney
Country
Pokémon
The Office
Soccer
Song
NFL
Puzzle
WWE
Your Account Isn't Verified!
In order to create a playlist on Sporcle, you need to verify the email address you used during registration. Go to your
Sporcle Settings
to finish the process.
Report this User
Report this user for behavior that violates our
Community Guidelines
.
Details:
Send Report
Go to the Sporcle.com Mobile Site →
Comments